02043njm a2200385Ia 450000100060000000300090000600500170001500800410003204000130007304000130008610000110009910000180011010000380012824500250016625000110019126000120020226000530021430000100026730000300027750000230030750502870033065000530061770000620067070001280073270000780086070000630093870001340100170000870113570000710122270000750129370000600136870000770142870000660150570000860157183476IT-RoPAU20220918181122.0131025s9999 xx 000 0 und d aIT-RoPAU cIT-RoPAU aAA.VV. eAutore musica gCodice autore musica SPICS: 12000 2aA Horse Called Music a1a ed. aHOLLAND bCBSc1989 [1a Ed.:1989 - Ed. Lingua Orig.: 1989] aDISCO c39 minuti (Testo: 0 pag.) aMusica strumentale aNothing I Can Do About It Now (4:00) - The Highway (4:00) - I Never Cared For You (3:00) - If I Were A Painting (4:00) - Spirit (5:00) - There You Are (4:00) - Mr. Record Man (3:00) - If My World Didn't Have You (4:00) - A Horse Called Music (5:00) - Is the Better Part Over (4:00) aSTRUMENTALE [DISCHI]eCodice MATERIA SPICS: 9950 aNelson WilliegCodice interprete SPICS: 28598eInterprete aChapman B.N.gCodice autore musica SPICS: 29328eAutore musicapNothing I Can Do About It Now - If My World Didn't Have You aConners T.gCodice autore musica SPICS: 29329eAutore musicapThe Highway aWesley R.gCodice autore SPICS: 29330eAutorepThe Highway aNelson WilliegCodice autore musica SPICS: 28598eAutore musicapI Never Cared For You - Mr. Record Man - Is the Better Part Over aSampson D.gCodice autore musica SPICS: 29331eAutore musicapIf I Were A Painting aEwing S.gCodice autore SPICS: 29332eAutorepIf I Were A Painting aRobbins R.M.gCodice autore musica SPICS: 29333eAutore musicapSpirit aRobinson W.gCodice autore SPICS: 29334eAutorepSpirit aReid M.gCodice autore musica SPICS: 29335eAutore musicapThere You Are aFleming K.gCodice autore SPICS: 29336eAutorepThere You Are aCarson W.gCodice autore musica SPICS: 29337eAutore musicapA Horse Called Music